00965 a2200193 45000010006000000050017000060080041000230030015000640400040000790800151001192450105002700200022003752640034003973000019004315050189004500410008006391000029006478560095006764084220260407155703.0260407a2015 arg spa dAR-UNSa-BCEJYS aAR-UNSa-BCEJYSbspacAR-UNSa-BCEJYS a001.8xMetodología. Estudio general del método. Procedimientos científicos y técnicos para el estudio, La investigación y la discusión10aMetodología de la investigación científicapdiseño y elaboración de protocolos y proyectos a978-987-538-419-4 1aBuenos Aires :bNoveducc2015 a172 p.c28 cm. a1. Investigación y ciencia - 2. El proceso de investigación - 3. El problema - 4. El marco - 5. La hipótesis - 6. El diseño - 7. La población - 8. Los datos - 9. La propuesta aspa1 aIglesias, María Emilia41uhttps://biblioeco.unsa.edu.ar/pmb/images/libros/L126300.jpgyImagen de portadaqimage/jpeg